| 000 | 00535nam a22001577a 4500 | ||
|---|---|---|---|
| 008 | 230203b |||||||| |||| 00| 0 eng d | ||
| 020 | _a978-1578087938 | ||
| 050 |
_aRs164 _b.M43 2012 |
||
| 245 |
_aMedicinal plants: _bBiodiversity and drugs/ _cEdited by Mahendra Rai, Geoffrey A. Cordell, Jose L. Martinez, Mariela Marinoff, Luca Rastrelli |
||
| 260 |
_aLondon: _bCRC press, _c2012. |
||
| 300 | _axi, 688p. | ||
| 650 |
_aMateria medica _vVegetable |
||
| 650 | _aMedicinal plants | ||
| 650 | _aTraditional medicine | ||
| 942 |
_2lcc _cBK |
||
| 999 |
_c19920 _d19919 |
||